All Jim Carrey Movies - Statistics

General Stats
  • This quiz has been taken 64 times
    63 since last reset
  • The average score is 15 of 43
Answer Stats
Hint Answer % Correct
1994 The Mask
86%
1994 Dumb and Dumber
84%
1994 Ace Ventura: Pet Detective
82%
1997 Liar Liar
78%
1998 The Truman Show
76%
2020 Sonic the Hedgehog
65%
1996 The Cable Guy
61%
2008 Yes Man
59%
2000 How the Grinch Stole Christmas
57%
2003 Bruce Almighty
53%
2004 Eternal Sunshine of the Spotless Mind
53%
1995 Batman Forever
49%
2014 Dumb and Dumber To
49%
2000 Me, Myself & Irene
49%
2007 The Number 23
49%
2011 Mr. Popper's Penguins
45%
1995 Ace Ventura: When Nature Calls
43%
2022 Sonic the Hedgehog 2
43%
2024 Sonic the Hedgehog 3
41%
2005 Fun with Dick and Jane
37%
1999 Man on the Moon
35%
2013 Kick-Ass 2
31%
2001 The Majestic
31%
2008 Horton Hears a Who!
27%
1985 Once Bitten
24%
1988 Earth Girls Are Easy
22%
2009 I Love You Phillip Morris
22%
2009 A Christmas Carol
18%
1988 The Dead Pool
18%
2004 A Series of Unfortunate Events
16%
2016 Dark Crimes
16%
1986 Peggy Sue Got Married
16%
2013 The Incredible Burt Wonderstone
14%
1989 Pink Cadillac
12%
1998 Simon Birch
12%
2016 The Bad Batch
12%
1991 High Strung
8%
2013 Anchorman: The Legend Continues
6%
1984 Finders Keepers
6%
1992 Itsy Bitsy Spider
6%
2003 Pecan Pie
6%
1983 The Sex and Violence Family Hour
6%
1983 All in Good Taste
4%
No matching quizzes found
Score Distribution
Percent of People with Each Score
Percentile by Number Answered
Your Score History
You have not taken this quiz since the last reset